000 00315nam a2200133 i 4500
001 bg
100 1 _aKACZMAREK, Franciszek
245 0 _aPodstawy działania laserów /
_cF. Kaczmarek.
260 _aWarszawa,
_c1983.
040 _cBPK
041 _apol
942 _cKS
008 s pl f |000 0 pol
999 _c21984
_d21984
856 _uhttp://koha.tu.koszalin.pl/cgi-bin/koha/opac-detail.pl?biblionumber=21984
_yKatalog online BPK